| 000 | 00461nam a2200181Ia 4500 | ||
|---|---|---|---|
| 008 | 230524s9999 xx 000 0 und d | ||
| 020 | _a9788178002224 | ||
| 082 |
_a333.714 _bANJ |
||
| 100 | _aY.Anjaneyulu | ||
| 245 | 0 | _aEnvironmental Impact Assessment Methodologies | |
| 250 | _a2 | ||
| 260 |
_aHyderabad _bBS Pub _c2018 |
||
| 300 | _a"XVI,428p;" | ||
| 500 | _aQuantity Number: 40 | ||
| 650 | _aEnvironmental | ||
| 700 | _aValli Manickam | ||
| 942 | _cBK | ||
| 999 |
_c59576 _d59576 |
||